000
00204nam a22000857a 4500
008
161210b xxu||||| |||| 00| 0 eng d
100
_9
1968
_a
Agarwal.M.A.
245
_a
Play with Graphs
260
_a
UP
_b
APC
_c
2008
999
_c
4764
_d
4764